Statistiques concernant Europa Universalis 4 : Pays formables

Cliquez ici pour prendre le quiz!

Statistiques générales

  • Ce quiz a été pris 115 fois
    (79 depuis la dernière actualisation)
  • Le résultat moyen est 28 sur 72

Statistiques - réponses

Type de formationPays% Correct
UnificationEspagne
88%
UnificationRussie
88%
UnificationJapon
83%
UnificationItalie
82%
Nations coloniales indépendantesÉtats-Unis
78%
UnificationAllemagne
77%
Nations coloniales indépendantesBrésil
73%
Nations coloniales indépendantesCanada
72%
Nations coloniales indépendantesColombie
72%
UnificationEmpire Romain
72%
UnificationGrande-Bretagne
72%
Nations coloniales indépendantesMexique
70%
UnificationScandinavie
70%
ReformationFrance
68%
UnificationIrlande
67%
UnificationPays-Bas
67%
UnificationPerse
67%
UnificationPrusse
67%
UnificationRépublique des Deux Nations
67%
Nations coloniales indépendantesAustralie
63%
Nations coloniales indépendantesPérou
62%
UnificationÉgypte
58%
UnificationArabie
53%
UnificationGrèce
52%
ReformationAutriche
47%
UnificationRoumanie
43%
ReformationPologne
42%
UnificationQing
42%
ReformationAngleterre
40%
Nations coloniales indépendantesChili
40%
UnificationAndalousie
38%
UnificationIslande
37%
UnificationMalaisie
37%
UnificationPiémont-Sardaigne
37%
ReformationMaroc
35%
ReformationByzance
33%
UnificationMoghols
33%
UnificationAlger
32%
UnificationBharat
30%
UnificationHindoustan
30%
UnificationToscane
30%
ReformationTunis
30%
UnificationJérusalem
28%
Nations coloniales indépendantesLa Plata
28%
Nations coloniales indépendantesHaiti
25%
UnificationHorde d'Or
25%
UnificationYuan
25%
UnificationRûm
23%
ReformationYémen
23%
UnificationArménie
22%
UnificationCroatie
22%
ReformationGéorgie
22%
Nations coloniales indépendantesQuebec
22%
Nations coloniales indépendantesVénezuela
22%
UnificationWestphalie
22%
UnificationRuthénie
20%
UnificationTibet
18%
ReformationTimourides
17%
ReformationMamelouks
15%
Nations coloniales indépendantesParaguay
15%
Autre casSaint-Empire romain germanique
13%
UnificationIncas
12%
UnificationHannovre
8%
UnificationMandchous
8%
UnificationBoukhara
7%
UnificationMayas
7%
UnificationShan
7%
UnificationTripoli
5%
UnificationCourlande
3%
Nations coloniales indépendantesLousiane
3%
UnificationSokoto
3%
Nations coloniales indépendantesProvinces unies d'Amérique centrale
0%

Distribution des résultats

Percentile par nombre de réponses

% des personnes avec chaque résultat

Votre développement - résultats

Vous n’avez pas pris ce quiz depuis la dernière actualisation